[Event "op"]
[Site "Feldbach, Styria/AUT"]
[Date "1996.12.30".]
[Round "3"]
[White "Szith, G."]
[Black "Bonstingl, G."]
[Result "1/2-1/2"]
[WhiteElo "1855"]
[BlackElo "2225"]
[PlyCount "79"]

1. Nf3 Nf6 2. c4 g6 3. b4 a5 4. b5 Bg7 5. Bb2 O-O 6. g3 d6 7. Bg2 e5 8. d3 Nbd7
9. O-O Nc5 10. Nbd2 h6 11. a4 Bd7 12. d4 exd4 13. Bxd4 Ne6 14. Bb2 Qc8 15. Qc2
Nc5 16. Rfe1 Bf5 17. Qd1 Re8 18. Nb3 Nxb3 19. Qxb3 Be4 20. Bc3 Nd7 21. Bxg7
Kxg7 22. Qc3+ Nf6 23. c5 d5 24. c6 b6 25. e3 Qd8 26. Red1 Qe7 27. Rd4 Rad8 28.
Rad1 Rd6 29. Nh4 Bxg2 30. Nxg2 Qe5 31. R4d3 Qxc3 32. Rxc3 Re4 33. Rd4 Rxd4 34.
exd4 Re6 35. Kf1 Kf8 36. f3 Re8 37. Kf2 g5 38. g4 h5 39. h3 hxg4 40. hxg4
1/2-1/2

[Event "op"]
[Site "Feldbach, Styria/AUT"]
[Date "1996.12.30".]
[Round "3"]
[White "Halser, W."]
[Black "Schrank, M."]
[Result "1-0"]
[WhiteElo "1605"]
[BlackElo "2155"]
[PlyCount "81"]

1. e4 e6 2. d4 d5 3. Nd2 c5 4. exd5 Qxd5 5. Ngf3 cxd4 6. Bc4 Qd8 7. O-O Nf6 8.
Nb3 Be7 9. Nbxd4 O-O 10. Qe2 Qb6 11. c3 Bc5 12. b4 Bxd4 13. Nxd4 Nc6 14. Be3
Qc7 15. Nxc6 Qxc6 16. Rad1 a6 17. Bd4 Qe4 18. Qxe4 Nxe4 19. Rfe1 Nd6 20. Bb3
Nf5 21. Bb6 Ne7 22. Bc5 Nc6 23. Bxf8 Kxf8 24. Ba4 b5 25. Rd6 Na7 26. Bc2 Ke7
27. Rb6 Kd7 28. Be4 Kc7 29. Rxa6 Bxa6 30. Bxa8 Nc8 31. Be4 h6 32. Bd3 Nd6 33.
a4 Kb6 34. axb5 Bxb5 35. Rd1 Nc4 36. Bxc4 Bxc4 37. Rd7 e5 38. Re7 g6 39. Rxe5
h5 40. f4 Bd3 41. Kf2 1-0

[Event "op"]
[Site "Feldbach, Styria/AUT"]
[Date "1996.12.30".]
[Round "3"]
[White "Schriebl, A."]
[Black "Bachmayer, J."]
[Result "0-1"]
[WhiteElo "1720"]
[BlackElo "2080"]
[PlyCount "86"]

1. d4 Nf6 2. c4 g6 3. Nc3 d5 4. cxd5 Nxd5 5. e4 Nxc3 6. bxc3 c5 7. Be3 Bg7 8.
Bc4 Nc6 9. Ne2 O-O 10. O-O Qc7 11. Rc1 Rd8 12. Qd2 Qa5 13. Qb2 a6 14. f4 cxd4
15. cxd4 e6 16. Bd3 Qb4 17. Qxb4 Nxb4 18. Bb1 Bd7 19. Rc7 Bb5 20. Re1 Bxe2 21.
Rxe2 Bxd4 22. Bxd4 Rxd4 23. Rb2 b5 24. a3 Nd3 25. Bxd3 Rxd3 26. a4 bxa4 27.
Rbb7 Rf8 28. Ra7 Rd4 29. Rxa6 Rxe4 30. g3 Rb8 31. Kg2 Re2+ 32. Kh3 h5 33. Raa7
Rbb2 34. Kh4 Rxh2+ 35. Kg5 Rb5+ 36. Kh6 Rb8 37. Rxf7 h4 38. Rg7+ Kf8 39. Rh7
hxg3+ 40. Kxg6 Rxh7 41. Rxh7 g2 42. Kf6 Ke8 43. Kxe6 Rb6+ 0-1

[Event "op"]
[Site "Feldbach, Styria/AUT"]
[Date "1996.12.30".]
[Round "3"]
[White "Payrits, H."]
[Black "Kamaryt, T."]
[Result "0-1"]
[WhiteElo "1715"]
[BlackElo "2000"]
[PlyCount "64"]

1. c4 e6 2. d4 d5 3. Nc3 c6 4. e3 Nd7 5. Nf3 Ngf6 6. cxd5 exd5 7. Bd3 Bd6 8.
O-O O-O 9. a3 a5 10. h3 Re8 11. Bd2 Ne4 12. Be1 Nf8 13. Nd2 f5 14. Qc2 Qe7 15.
Nd1 f4 16. Nxe4 dxe4 17. Bc4+ Kh8 18. f3 Bf5 19. exf4 Bxf4 20. g3 Qg5 21. g4
Qg6 22. fxe4 Bxe4 23. Qf2 Bc7 24. Bf7 Qd6 25. Bxe8 Rxe8 26. Bd2 Ng6 27. Nc3 Bd3
28. Rfe1 Rf8 29. Qg2 Nh4 30. Bf4 Qxf4 31. Rf1 Bxf1 32. Rxf1 Nxg2 0-1

[Event "op"]
[Site "Feldbach, Styria/AUT"]
[Date "1996.12.30".]
[Round "3"]
[White "Frosch, D."]
[Black "Milanollo, M."]
[Result "0-1"]
[WhiteElo "1630"]
[BlackElo "1975"]
[PlyCount "148"]

1. d4 c5 2. e3 e6 3. c4 Nf6 4. Nc3 d5 5. Nf3 Nc6 6. Bd3 Be7 7. O-O O-O 8. Re1
a6 9. a3 dxc4 10. Bxc4 b5 11. Bd3 Bb7 12. dxc5 Bxc5 13. b4 Bd6 14. Ne4 Be5 15.
Ra2 Qd5 16. Qc2 Rac8 17. Nxf6+ Bxf6 18. Bxh7+ Kh8 19. Be4 Nxb4 20. Qxc8 Rxc8
21. Bxd5 Bxd5 22. axb4 Bxa2 23. Bd2 Bb2 24. Nd4 e5 25. Nf3 Rc2 26. e4 Rxd2 27.
Nxd2 Bc3 28. Rd1 Bxb4 29. Ra1 Be6 30. Nf3 a5 31. Nxe5 Bc3 32. Rb1 Bxe5 33. Rxb5
Bc3 34. Re5 Bb4 35. Rb5 Bc4 36. Rb7 Kh7 37. f4 Bd3 38. Rxf7 Bc5+ 39. Kh1 Bxe4
40. f5 Kg8 41. Rc7 Bb4 42. Rc8+ Kf7 43. Rc7+ Kf6 44. Kg1 Bd6 45. Rc4 Bd3 46.
Rc3 Bxf5 47. Rf3 Bc5+ 48. Kf1 Ke5 49. Rg3 a4 50. Rxg7 a3 51. Rg8 a2 52. Ra8 Be6
53. Ra5 Kf6 54. g4 Bd4 55. Rxa2 Bxa2 56. Kg2 Kg5 57. h3 Bd5+ 58. Kg3 Be5+ 59.
Kf2 Kh4 60. Ke3 Kxh3 61. Kd3 Kxg4 62. Ke3 Kg3 63. Kd3 Kf3 64. Kd2 Bc4 65. Kc2
Ke2 66. Kc1 Bc3 67. Kb1 Bb4 68. Kc2 Ke3 69. Kb2 Kd2 70. Kb1 Kc3 71. Kc1 Kb3 72.
Kd1 Bd3 73. Kc1 Be2 74. Kb1 Bd2 0-1

[Event "op"]
[Site "Feldbach, Styria/AUT"]
[Date "1996.31.01"]
[Round "4"]
[White "Pavasovic, D."]
[Black "Rogulj, B."]
[Result "1-0"]
[WhiteElo "2495"]
[BlackElo "2420"]
[PlyCount "85"]

1. e4 Nf6 2. e5 Nd5 3. d4 d6 4. c4 Nb6 5. exd6 exd6 6. Nc3 Be7 7. h3 Bf5 8. Be3
O-O 9. Qf3 Qc8 10. c5 {} 10... dxc5 11. dxc5 Nc6 12. cxb6 Nb4 13. Rc1 axb6 14.
Bc4 Rd8 15. a3 Be6 16. axb4 Bxc4 17. Nge2 Bxb4 18. O-O b5 19. Rfd1 c6 20. Rxd8+
Qxd8 21. Rd1 Qe7 22. Ng3 Qe6 23. Qe4 Bxc3 24. bxc3 Bd5 25. Qxe6 fxe6 26. Nh5
Ra4 27. Bd4 b4 28. cxb4 Rxb4 29. g4 Kf7 30. Bxg7 c5 31. Be5 Re4 32. Bb2 Rb4 33.
Ba3 Rc4 34. Rc1 Rxc1+ 35. Bxc1 b5 36. Be3 c4 37. Bd2 Be4 38. f4 Bg6 39. Ng3 Ke7
40. Bb4+ Kd7 41. Kf2 Kc6 42. Ke3 Kd5 43. Ne2 1-0

[Event "op"]
[Site "Feldbach, Styria/AUT"]
[Date "1996.31.01"]
[Round "4"]
[White "Kuba, G."]
[Black "Womacka, M."]
[Result "1/2-1/2"]
[WhiteElo "2200"]
[BlackElo "2465"]
[PlyCount "50"]

1. e4 c5 2. Nf3 d6 3. Bb5+ Nd7 4. d4 Ngf6 5. Nc3 cxd4 6. Qxd4 e5 7. Qd3 h6 8.
Be3 Be7 9. O-O O-O 10. Rfd1 a6 11. Bc4 Nb6 12. Bxb6 Qxb6 13. Nd5 Nxd5 14. Bxd5
Be6 15. Rab1 Rfc8 16. c4 Bxd5 17. Qxd5 Qc6 18. Rdc1 Qxd5 19. cxd5 g6 20. g3 h5
21. Kf1 Bf8 22. Ke2 Bh6 23. Rc3 Rxc3 24. bxc3 b5 25. Ne1 Rc8 {} 1/2-1/2

[Event "op"]
[Site "Feldbach, Styria/AUT"]
[Date "1996.31.01"]
[Round "4"]
[White "Palac, M."]
[Black "Gross, S."]
[Result "0-1"]
[WhiteElo "2330"]
[BlackElo "2540"]
[PlyCount "74"]

1. e4 c5 2. Nf3 d6 3. d4 cxd4 4. Nxd4 Nf6 5. Nc3 Nc6 6. Bg5 Qb6 7. Nb3 e6 8.
Qd2 a6 9. O-O-O Be7 10. Kb1 Rb8 11. f4 Qc7 12. Be2 b5 13. Bf3 b4 14. Ne2 O-O
15. Bxf6 gxf6 16. Ng3 Kh8 17. Nh5 Rg8 18. g4 a5 19. h4 a4 20. Nc1 e5 21. g5 Nd4
22. Qf2 b3 23. cxb3 axb3 24. axb3 Qa7 25. gxf6 Bf8 26. Ne2 Rxb3 27. Nxd4 exd4
28. Rhg1 Rg6 29. f5 {} 29... Bh6 30. fxg6 hxg6 31. Qc2 Be6 32. Ng7 d3 33. Qg2
Rb8 34. Nxe6 Ra8 35. Rxd3 Qa2+ 36. Kc2 Rb8 37. Kd1 Qb1+ {Klappe!} 0-1

[Event "op"]
[Site "Feldbach, Styria/AUT"]
[Date "1996.31.01"]
[Round "4"]
[White "Maric, K."]
[Black "Sax, G."]
[Result "0-1"]
[WhiteElo "2010"]
[BlackElo "2525"]
[PlyCount "56"]

1. e4 c5 2. Nc3 Nc6 3. g3 Rb8 4. Bg2 b5 5. d3 b4 6. Nce2 e6 7. f4 d5 8. Be3 Nf6
9. h3 Bb7 10. e5 d4 11. Bf2 Nd5 12. Nf3 Nce7 13. g4 Ng6 14. Qd2 f6 15. O-O fxe5
16. Nxe5 Nxe5 17. fxe5 Be7 18. Ng3 Bg5 19. Qe1 O-O 20. Be4 Qc7 21. Kg2 Bf4 22.
Bxd5 Bxd5+ 23. Ne4 Qxe5 24. Qe2 Rb7 25. Rae1 Rbf7 26. Kg1 Bh2+ 27. Kg2 Rxf2+ {
} 28. Rxf2 Qg3+ 0-1

[Event "op"]
[Site "Feldbach, Styria/AUT"]
[Date "1996.31.01"]
[Round "4"]
[White "Szekely, P."]
[Black "Demuth, M."]
[Result "1/2-1/2"]
[WhiteElo "2455"]
[BlackElo "2240"]
[PlyCount "81"]

1. Nf3 d5 2. c4 c6 3. cxd5 cxd5 4. d4 Nf6 5. Nc3 Nc6 6. Bf4 Ne4 7. e3 Nxc3 8.
bxc3 g6 9. Ne5 Qa5 10. Qb3 Bg7 11. Bb5 Bxe5 12. Bxe5 O-O 13. Bf4 Bf5 14. O-O
Rfd8 15. Rfc1 Qb6 16. Be2 Qxb3 17. axb3 f6 18. f3 e5 19. Bg3 Re8 20. c4 Be6 21.
cxd5 Bxd5 22. Rc5 Bxb3 23. Rb1 Bf7 24. dxe5 Nxe5 25. Rxb7 Rac8 26. Rxc8 Rxc8
27. Rxa7 Rc1+ 28. Kf2 Rc2 29. Bxe5 fxe5 30. Ke1 Rc1+ 31. Kd2 Rg1 32. g4 Rg2 33.
Ke1 Rxh2 34. Re7 h5 35. gxh5 gxh5 36. Rxe5 h4 37. f4 h3 38. Bf3 Rb2 39. Rg5+
Kf8 40. Rg3 Be6 41. e4 1/2-1/2

[Event "op"]
[Site "Feldbach, Styria/AUT"]
[Date "1996.31.01"]
[Round "4"]
[White "Tratar, M."]
[Black "Danner, G."]
[Result "0-1"]
[WhiteElo "2420"]
[BlackElo "2375"]
[PlyCount "66"]

1. Nf3 g6 2. d4 f5 3. g3 Bg7 4. Bg2 d6 5. b3 Nh6 6. Bb2 O-O 7. Nbd2 Nc6 8. Nc4
Nf7 9. d5 Bxb2 10. Nxb2 Nce5 11. Nd4 Qe8 12. O-O Bd7 13. Nd3 c6 14. c4 Rb8 15.
Qd2 cxd5 16. cxd5 Nxd3 17. Qxd3 Ne5 18. Qd2 Qf7 19. e3 Rfc8 20. h3 Qf6 21. f4
Nf7 22. Rac1 h5 23. Rxc8+ Bxc8 24. Rc1 a6 25. Rc7 Nh6 26. Qb4 Ra8 27. Qc3 Qf8
28. Ne6 Bxe6 29. dxe6 Kh7 30. Bxb7 Rb8 31. a4 Ng8 32. b4 Nf6 33. Kf2 {} 33...
Rxb7 0-1

[Event "op"]
[Site "Feldbach, Styria/AUT"]
[Date "1996.31.01"]
[Round "4"]
[White "Gross, D."]
[Black "Krumpacnik, D."]
[Result "1/2-1/2"]
[WhiteElo "2360"]
[BlackElo "2385"]
[PlyCount "56"]

1. e4 e6 2. d4 d5 3. Nc3 dxe4 4. Nxe4 Nd7 5. Nf3 Ngf6 6. Nxf6+ Nxf6 7. Bd3 c5
8. O-O cxd4 9. Nxd4 Bd7 10. c3 Bc5 11. Nf3 Qc7 12. Qe2 Bd6 13. Re1 Bc6 14. Ne5
Bxe5 15. Qxe5 Qxe5 16. Rxe5 O-O-O 17. Bc2 Be4 18. Rc5+ Bc6 19. Kf1 Nd7 20. Rg5
g6 21. a4 f6 22. Rg3 Nc5 23. Ke2 Be4 24. Bxe4 Nxe4 25. Re3 Nc5 26. b4 Nb3 27.
Rb1 Nxc1+ 28. Rxc1 e5 1/2-1/2

[Event "op"]
[Site "Feldbach, Styria/AUT"]
[Date "1996.01.01".]
[Round "4"]
[White "Frosch, R."]
[Black "Barczay, L."]
[Result "1/2-1/2"]
[WhiteElo "1870"]
[BlackElo "2380"]
[PlyCount "55"]

1. d4 g6 2. Nf3 c6 3. c3 Bg7 4. Bf4 d6 5. e4 Qb6 6. Qb3 Be6 7. Qxb6 axb6 8. a3
h6 9. Bd3 b5 10. Nbd2 Nd7 11. O-O Ngf6 12. Rfe1 g5 13. Bg3 Nh5 14. Nf1 Nb6 15.
Ne3 Nxg3 16. hxg3 g4 17. Nh4 h5 18. Nhf5 Bf6 19. f4 gxf3 20. gxf3 O-O-O 21. f4
Kc7 22. Rad1 Bb3 23. Rd2 e6 24. Nh4 Rhg8 25. Kh2 Nd7 26. Nf3 Bg7 27. Rf2 Bh6
28. Nd2 {} 1/2-1/2

[Event "op"]
[Site "Feldbach, Styria/AUT"]
[Date "1997.01.01"]
[Round "5"]
[White "Freitag, M."]
[Black "Schneider-Zinner, H."]
[Result "0-1"]
[WhiteElo "2285"]
[BlackElo "2155"]
[PlyCount "106"]

1. e4 e6 2. d4 d5 3. Nc3 Nf6 4. Bg5 dxe4 5. Nxe4 Be7 6. Bxf6 Bxf6 7. Nf3 O-O 8.
Qd2 Nd7 9. O-O-O b6 10. Bc4 Bb7 11. Qf4 Qb8 12. Rhe1 c5 13. Qg4 cxd4 14. Nxd4
Bxe4 15. Qxe4 Nc5 16. Qf3 b5 17. Bb3 a5 18. a3 Qb6 19. Qe3 a4 20. Ba2 b4 21.
axb4 Qxb4 22. c3 Qb7 23. Qf3 Qa7 24. Nb5 Qb6 25. Bc4 Nb3+ 26. Kc2 Rac8 27. Qe2
Na5 28. Rd6 Qc5 29. Bd3 Nc6 30. Kb1 Ne5 31. Rd1 Rb8 32. c4 a3 33. b3 a2+ 34.
Qxa2 Ra8 35. Ra6 Rxa6 36. Qxa6 Nxd3 37. Rxd3 Qxf2 38. Nc3 Qxg2 39. b4 Ra8 40.
Qd6 g6 41. Qg3 Qf1+ 42. Kc2 Ra1 43. c5 Qc1+ 44. Kb3 Qa3+ 45. Kc4 Qa6+ 46. b5
Ra4+ 47. Kb3 Ra3+ 48. Kc4 Ra4+ 49. Kb3 Ra3+ 50. Kc4 Qa5 51. c6 Be7 52. Qb8+ Kg7
53. Qe5+ f6 0-1

[Event "op"]
[Site "Feldbach, Styria/AUT"]
[Date "1997.01.01"]
[Round "4"]
[White "Guid M,"]
[Black "Chernin, A."]
[Result "0-1"]
[WhiteElo "2155"]
[BlackElo "2620"]
[PlyCount "86"]

1. d4 Nf6 2. Nf3 e6 3. g3 c5 4. Bg2 Qc7 5. O-O cxd4 6. Nxd4 a6 7. b3 d5 8. Bb2
e5 9. Nf3 Nc6 10. e4 dxe4 11. Ng5 e3 {} 12. fxe3 Bc5 13. Qe2 Qb6 14. Re1 Ng4
15. Bc1 Be7 16. Ne4 Be6 17. h3 Nh6 18. Ba3 O-O 19. Bxe7 Nxe7 20. c4 f5 21. Ng5
e4 22. c5 Qc6 23. Nxe6 Qxe6 24. Na3 Qe5 25. Qc4+ Kh8 26. Kh2 Rf6 27. Qd4 Qc7
28. Nc4 Nc6 29. Qc3 Nf7 30. Red1 Rg6 31. Nd6 Nxd6 32. cxd6 Rxd6 33. Rd4 Rg6 34.
Rd2 Qxg3+ 35. Kh1 f4 36. Bxe4 Rh6 37. Bf5 fxe3 38. Rg1 Qe5 39. Qxe5 Nxe5 40.
Re2 Nf3 41. Rg3 Nd4 42. Rgxe3 Nxe2 43. Rxe2 Rf6 0-1

[Event "op"]
[Site "Feldbach, Styria/AUT"]
[Date "1997.01.01"]
[Round "4"]
[White "Wegerer, F."]
[Black "Kragelj, I."]
[Result "0-1"]
[WhiteElo "2270"]
[BlackElo "2225"]
[PlyCount "124"]

1. g3 d5 2. Bg2 Nf6 3. d4 c6 4. c3 Bf5 5. Nd2 Nbd7 6. Ngf3 h6 7. O-O e6 8. Re1
Be7 9. h3 O-O 10. Nf1 Bd6 11. Bf4 Qc7 12. Bxd6 Qxd6 13. N3d2 c5 14. e3 Rab8 15.
g4 Bg6 16. Ng3 Rfd8 17. Qa4 a6 18. a3 b5 19. Qa5 h5 20. gxh5 Nxh5 21. Nxh5 Bxh5
22. e4 cxd4 23. cxd4 dxe4 24. Nxe4 Qxd4 25. Qxa6 Ne5 26. Re3 Qxb2 27. Rae1 Nd3
28. Rf1 Be2 29. Qa7 Bxf1 30. Bxf1 Ne5 31. Ng5 Rf8 32. Qc7 Rbc8 33. Qxe5 Qxe5
34. Rxe5 f6 35. Rxe6 fxg5 36. Bxb5 Rc2 37. Rg6 Rfxf2 38. Bc4+ Kf8 39. Rxg5 Rfd2
40. Rf5+ Ke7 41. Bf1 Ra2 42. Rf3 Ra1 43. Kh1 Rda2 44. Rf4 Rxa3 45. Re4+ Kf6 46.
Kg2 R1a2+ 47. Be2 Kf5 48. Re7 Kf4 49. Rf7+ Kg5 50. Re7 Rc3 51. Re4 Rcc2 52. Kf2
Rxe2+ 53. Rxe2 Rxe2+ 54. Kxe2 Kh4 55. Kf3 Kxh3 56. Kf4 Kh4 57. Kf3 g6 58. Kf4
g5+ 59. Kf3 Kh3 60. Kf2 g4 61. Kg1 Kg3 62. Kh1 Kf2 0-1

[Event "op"]
[Site "Feldbach, Styria/AUT"]
[Date "1997.01.01".]
[Round "5"]
[White "Deutsch, L."]
[Black "Kos, T."]
[Result "1/2-1/2"]
[WhiteElo "2210"]
[BlackElo "2295"]
[PlyCount "127"]

1. c4 Nf6 2. Nf3 g6 3. Nc3 d5 4. d4 Bg7 5. e3 O-O 6. Be2 c5 7. cxd5 cxd4 8.
exd4 Nxd5 9. O-O Nc6 10. h3 Nb6 11. Be3 Be6 12. b3 Nd5 13. Nxd5 Bxd5 14. Rc1
Qd6 15. Qd2 Rfd8 16. Rfd1 a5 17. Qb2 a4 18. Nd2 axb3 19. axb3 Qa3 20. Qc3 Be6
21. Nc4 Qb4 22. Qxb4 Nxb4 23. Bf3 Bd5 24. Be2 Ra2 25. Bf1 Be6 26. Rc3 Nd5 27.
Rcd3 b5 28. R3d2 Rda8 29. Ne5 Nxe3 30. fxe3 Bxe5 31. dxe5 Rxd2 32. Rxd2 Bxb3
33. Bxb5 Ra5 34. Rd8+ Kg7 35. Rb8 Bd5 36. Bf1 e6 37. Rb5 Ra2 38. Rb4 h5 39. h4
Bc6 40. Rb6 Be4 41. Rb4 Bf5 42. Bc4 Ra5 43. Bb5 Ra2 44. Kf1 Rc2 45. Be2 Ra2 46.
Ke1 Ra3 47. Kf2 Bd3 48. Bxd3 Rxd3 49. Kf3 Rd5 50. Kf4 Rd1 51. e4 Rf1+ 52. Kg3
g5 53. hxg5 Re1 54. Kf3 Ra1 55. Rb8 Rf1+ 56. Kg3 h4+ 57. Kg4 Re1 58. Kf3 Rf1+
59. Kg4 Rf2 60. g3 hxg3 61. Kxg3 Rf1 62. Ra8 Rg1+ 63. Kf4 Rb1 64. Kg4 1/2-1/2

[Event "op"]
[Site "Feldbach, Styria/AUT"]
[Date "1997.01.01".]
[Round "5"]
[White "Milanollo, M."]
[Black "Halser, W."]
[Result "0-1"]
[WhiteElo "1975"]
[BlackElo "2175"]
[PlyCount "40"]


1. e4 e5 2. Nf3 Nc6 3. c3 d5 4. Qa4 dxe4 5. Nxe5 Qd5 6. Nxc6 bxc6 7. Bc4 Qd6 8.
d3 exd3 9. O-O Bd7 10. Bf4 Qxf4 11. Re1+ Be7 12. Na3 d2 13. Re4 Qh6 14. Qb3 Qg6
15. Re3 Nh6 16. Rd1 Nf5 17. Bd3 Be6 18. Qb7 O-O 19. Nc2 Bd6 20. Nd4 Qh5 0-1

[Event "op"]
[Site "Feldbach, Styria/AUT"]
[Date "1997.01.01".]
[Round "5"]
[White "Jazbinsek, S."]
[Black "Sackl, E."]
[Result "1-0"]
[WhiteElo "2175"]
[BlackElo "1900"]
[PlyCount "65"]

1. e4 e5 2. Nf3 Nc6 3. d4 exd4 4. Nxd4 Qf6 5. Be3 Bd6 6. Nc3 Nge7 7. Qd2 O-O 8.
Ndb5 a6 9. Nxd6 cxd6 10. O-O-O b5 11. Qxd6 Qe6 12. Qg3 Bb7 13. Rd6 Qe5 14. Rxd7
Qxg3 15. hxg3 Bc8 16. Rc7 Re8 17. Bc5 Be6 18. b3 Rac8 19. Rxc8 Nxc8 20. Be2 f5
21. Re1 fxe4 22. Nxe4 Bf7 23. Bf3 Ne5 24. Re3 a5 25. Ng5 Nxf3 26. Rxe8+ Bxe8
27. gxf3 h6 28. Ne4 Bc6 29. Kd2 Kf7 30. Kc3 Ke6 31. Kd4 a4 32. g4 g5 33. Bf8
1-0

[Event "op"]
[Site "Feldbach, Styria/AUT"]
[Date "1997.01.01".]
[Round "5"]
[White "Pfaffel, T."]
[Black "Golja, O."]
[Result "1-0"]
[WhiteElo "2070"]
[BlackElo "1755"]
[PlyCount "63"]

1. e4 b6 2. d4 Bb7 3. Bd3 e6 4. Nf3 d6 5. O-O Nd7 6. c3 Ngf6 7. Qe2 Be7 8. Rd1
Qc8 9. Nbd2 O-O 10. e5 dxe5 11. dxe5 Nd5 12. Ne4 h6 13. a3 c5 14. c4 Nc7 15.
Bc2 f5 16. exf6 Nxf6 17. Nxf6+ Bxf6 18. Qd3 Rd8 19. Qh7+ Kf8 20. Bf4 Bxf3 21.
gxf3 Ke7 22. Rxd8 Qxd8 23. Rd1 Bd4 24. Rxd4 Qxd4 25. Bxc7 Rf8 26. f4 Rf7 27.
Be5 Qxc4 28. Bg6 Qb3 29. Bh5 Qd5 30. Qg6 Rf5 31. Qxg7+ Kd8 32. Qc7# 1-0

[Event "op"]
[Site "Feldbach, Styria/AUT"]
[Date "1997.01.01".]
[Round "5"]
[White "Sepetavc, W."]
[Black "Kopinits, A."]
[Result "1-0"]
[WhiteElo "2025"]
[BlackElo "1605"]
[PlyCount "45"]

1. e4 e6 2. c4 c5 3. Nc3 Nc6 4. g3 Nf6 5. Bg2 Be7 6. f4 d6 7. Nf3 Nd7 8. O-O f5
9. exf5 exf5 10. Nd5 Nf6 11. Ng5 Nxd5 12. Bxd5 Bxg5 13. fxg5 Qxg5 14. d4 Qf6
15. dxc5 dxc5 16. Re1+ Kf8 17. Qh5 Bd7 18. Bf4 Be8 19. Bd6+ Ne7 20. Bxe7+ Qxe7
21. Qxf5+ Qf6 22. Qh3 Bc6 23. Rf1 1-0

[Event "op"]
[Site "Feldbach, Styria/AUT"]
[Date "1997.01.01".]
[Round "5"]
[White "Hilscher, G."]
[Black "Schriebl, A."]
[Result "1/2-1/2"]
[WhiteElo "2840"]
[BlackElo "1720"]
[PlyCount "131"]

1. d4 Nf6 2. c4 g6 3. Nc3 d5 4. cxd5 Nxd5 5. e4 Nxc3 6. bxc3 Bg7 7. Nf3 c5 8.
Be3 O-O 9. Qd2 Qa5 10. Rc1 Rd8 11. d5 Bg4 12. Be2 Bxf3 13. Bxf3 c4 14. O-O Nd7
15. Be2 Nc5 16. f3 Rac8 17. Rc2 b5 18. Bd4 Qc7 19. Bxg7 Kxg7 20. Qd4+ Kg8 21.
f4 e6 22. Rd2 exd5 23. exd5 Rd6 24. f5 Qe7 25. Bg4 Qe4 26. fxg6 Qxd4+ 27. Rxd4
Rc7 28. gxh7+ Kxh7 29. Bh5 Na4 30. Rc1 a5 31. Rh4 Kg7 32. Bf3 Nb6 33. Rd4 Rcd7
34. Rcd1 b4 35. cxb4 axb4 36. g4 Ra7 37. Rb1 c3 38. Rdxb4 Nxd5 39. Bxd5 Rxd5
40. Rc4 Rxa2 41. Rxc3 Rdd2 42. Rg3 Rxh2 43. Rf1 Rh4 44. Rf2 Ra4 45. Rfg2 Kg6
46. Kf2 Kg5 47. Rf3 Ra2+ 48. Kg1 Rxg2+ 49. Kxg2 Rxg4+ 50. Kh3 Rf4 51. Rg3+ Kh5
52. Rg7 Rf6 53. Rg3 Rg6 54. Rf3 f6 55. Rf5+ Kh6 56. Kh4 Kg7 57. Kh5 Rg1 58. Rf3
Rh1+ 59. Kg4 Kg6 60. Rg3 f5+ 61. Kf4+ Kf6 62. Rc3 Rf1+ 63. Ke3 Kg5 64. Rc8 Re1+
65. Kf3 Re5 66. Rg8+ 1/2-1/2

[Event "op"]
[Site "Feldbach, Styria/AUT"]
[Date "1997.01.01".]
[Round "5"]
[White "Schrank, M."]
[Black "Payrits, H."]
[Result "1-0"]
[WhiteElo "1780"]
[BlackElo "1710"]
[PlyCount "81"]

1. Nf3 Nf6 2. g3 b6 3. Bg2 Bb7 4. O-O d6 5. d4 g6 6. c4 Bg7 7. Nc3 O-O 8. e4
Nxe4 9. Nxe4 Bxe4 10. Re1 Bb7 11. Rb1 Nd7 12. Be3 a5 13. a4 Rb8 14. Qd2 c5 15.
d5 Ne5 16. Nxe5 Bxe5 17. Re2 Bc8 18. h3 Bd7 19. b3 Rb7 20. Rbe1 e6 21. dxe6 Bc8
22. Bxb7 Bxb7 23. Bh6 Re8 24. exf7+ Kxf7 25. Bf4 Qf6 26. Qe3 Bc6 27. Bxe5 Rxe5
28. Qc3 Qe6 29. Rxe5 dxe5 30. Qxe5 Qxe5 31. Rxe5 Kf6 32. Re3 g5 33. g4 h6 34.
Kh2 Kf7 35. Kg3 Kf6 36. h4 Kf7 37. f4 Bd7 38. hxg5 hxg5 39. fxg5 Kg6 40. Kf4
Bc8 41. Rd3 1-0

[Event "op"]
[Site "Feldbach, Styria/AUT"]
[Date "1997.01.01"]
[Round "5"]
[White "Stanec, N."]
[Black "Pavasovic, D."]
[Result "1/2-1/2"]
[WhiteElo "2505"]
[BlackElo "2495"]
[PlyCount "26"]
[EventDate "1997.01.01"]

1. c4 e6 2. Nc3 d5 3. cxd5 exd5 4. d4 c6 5. Qc2 Bd6 6. Nf3 Ne7 7. Bg5 h6 8.
Bxe7 Bxe7 9. e3 Be6 10. Bd3 Nd7 11. Bf5 Bxf5 12. Qxf5 Bd6 13. O-O O-O 1/2-1/2

[Event "op"]
[Site "Feldbach, Styria/AUT"]
[Date "1997.01.01"]
[Round "5"]
[White "Sax, G."]
[Black "Keitlinghaus, L."]
[Result "1/2-1/2"]
[WhiteElo "2525"]
[BlackElo "2515"]
[PlyCount "29"]
[EventDate "1997.01.01"]

1. e4 e5 2. Nf3 Nc6 3. d4 exd4 4. Nxd4 Nge7 5. Nc3 Nxd4 6. Qxd4 Nc6 7. Qe3 Bb4
8. Bd2 O-O 9. O-O-O d6 10. Qg3 Be6 11. f4 f6 12. Nd5 Bxd2+ 13. Rxd2 Ne7 14. Bc4
Nxd5 15. Bxd5 1/2-1/2

[Event "op"]
[Site "Feldbach, Styria/AUT"]
[Date "1997.01.01"]
[Round "5"]
[White "Womacka, M."]
[Black "Gross, S."]
[Result "1/2-1/2"]
[WhiteElo "2465"]
[BlackElo "2330"]
[PlyCount "101"]
[EventDate "1997.01.01"]

1. e4 c5 2. Nf3 g6 3. d4 cxd4 4. Nxd4 Nf6 5. Nc3 d6 6. Be2 Bg7 7. O-O O-O 8.
Re1 Nc6 9. Nb3 Be6 10. Bf1 a5 11. a4 Rc8 12. Nd5 Nb4 13. Nxf6+ Bxf6 14. c3 Nc6
15. Bh6 {} 15... Qb6 16. Bb5 Rfd8 17. Be3 Qc7 18. f4 Nb8 19. Nd4 Bc4 20. Bxc4
Qxc4 21. Bf2 Nd7 22. Qe2 Qxe2 23. Rxe2 Bxd4 24. Bxd4 Nc5 25. Bf2 Kf8 26. g3 Rc6
27. Ra3 Ra8 28. e5 d5 29. Kg2 Ke8 30. g4 e6 31. Bd4 Rb8 32. Kf3 b5 33. axb5
Rxb5 34. h4 Nb3 35. Be3 Rc4 36. h5 d4 37. cxd4 Nxd4+ 38. Bxd4 Rxd4 39. Kg3 Rdb4
40. h6 a4 41. Rc3 Rxb2 42. Rc8+ Ke7 43. Rc7+ Ke8 44. Rc8+ Ke7 45. Rc7+ Ke8 46.
Rxb2 Rxb2 47. Rc8+ Kd7 48. Rh8 Ke7 49. Ra8 Rb4 50. Ra7+ Kf8 51. Ra8+ 1/2-1/2

[Event "op"]
[Site "Feldbach, Styria/AUT"]
[Date "1997.01.01"]
[Round "5"]
[White "Danner, G."]
[Black "Schneider-Zinner, H."]
[Result "1-0"]
[WhiteElo "2375"]
[BlackElo "2155"]
[PlyCount "95"]
[EventDate "1997.01.01"]

1. d4 e6 2. Nf3 Nf6 3. e3 b6 4. Bd3 Bb7 5. O-O d5 6. Ne5 Nbd7 7. f4 Bd6 8. Nd2
c5 9. c3 Qc7 10. Qf3 Nf8 11. g4 O-O-O 12. g5 Ne8 13. Qh5 f6 14. Nf7 g6 15.
Nxd6+ Nxd6 16. Qh6 Nf5 17. Bxf5 exf5 18. h4 Ba6 19. Rf2 Bd3 20. a4 a5 21. Nf3
Be4 22. Nh2 c4 23. Bd2 Ne6 24. Nf1 Rdg8 25. gxf6 Nd8 26. Qg5 h6 27. Qg3 g5 {}
28. fxg5 hxg5 29. Qxc7+ Kxc7 30. h5 Rxh5 31. Ng3 Rh3 32. Nxe4 Rgh8 33. Rxf5
Rh1+ 34. Kg2 Rxa1 35. Rxd5 Rh4 36. Nf2 Ne6 37. e4 Rb1 38. Bxg5 Nxg5 39. Rxg5
Rxb2 40. Rf5 Rh8 41. e5 b5 42. e6 Kd6 43. e7 bxa4 44. Rxa5 Ke6 45. Ra6+ Kf7 46.
Kg3 Rg8+ 47. Kf3 a3 48. Ng4 1-0

[Event "op"]
[Site "Feldbach, Styria/AUT"]
[Date "1997.01.01"]
[Round "5"]
[White "Chernin, A."]
[Black "Kuba, G."]
[Result "1-0"]
[WhiteElo "2620"]
[BlackElo "2200"]
[PlyCount "63"]
[EventDate "1997.01.01"]

1. d4 d5 2. c4 dxc4 3. Nf3 Nf6 4. e3 e6 5. Bxc4 Be7 6. O-O O-O 7. Qe2 c5 8.
dxc5 Bxc5 9. e4 Nbd7 10. Nc3 a6 11. e5 Ne8 12. Bd3 f5 13. exf6 Ndxf6 14. Ng5
Qe7 15. Bf4 h6 16. Nf3 Nd5 17. Bd2 Nb4 18. Bb1 Nc6 19. Qd3 Nf6 20. Ne4 Rd8 21.
Nxf6+ Qxf6 22. Qh7+ Kf8 23. Be3 Bd4 24. Nxd4 Nxd4 25. Bg6 Bd7 26. Rad1 Be8 {}
27. Bxe8 Ne2+ 28. Kh1 Kxe8 29. Qg8+ Qf8 30. Qxe6+ Qe7 31. Qg8+ Qf8 32. Qc4 1-0

[Event "op"]
[Site "Feldbach, Styria/AUT"]
[Date "1997.01.01"]
[Round "5"]
[White "Rogulj, B."]
[Black "Gross, D."]
[Result "1-0"]
[WhiteElo "2420"]
[BlackElo "2360"]
[PlyCount "57"]
[EventDate "1997.01.01"]

1. e4 e5 2. Nf3 Nc6 3. Bb5 a6 4. Ba4 Nf6 5. O-O b5 6. Bb3 Bb7 7. Re1 Bc5 8. c3
d6 9. d4 Bb6 10. Bg5 h6 11. Bh4 g5 12. Bg3 Qe7 13. a4 O-O-O 14. axb5 axb5 15.
Na3 Nxe4 16. Rxe4 f5 17. Re1 f4 18. Bd5 h5 19. Bxf4 gxf4 20. h4 Qf6 21. Nxb5
exd4 22. cxd4 Ne7 23. Bxb7+ Kxb7 24. Qc2 c6 25. Nc3 Rhg8 26. Qe2 Nc8 27. Qa6+
Kc7 {} 28. Nd5+ cxd5 29. Rac1+ 1-0